书目信息 |
| 题名: |
试验设计方法
|
|
| 作者: | 赵选民 编 | |
| 分册: | ||
| 出版信息: | 北京 科学出版社 2006.08 |
|
| 页数: | 269页 | |
| 开本: | 24cm | |
| 丛书名: | ||
| 单 册: | ||
| 中图分类: | O212.6 | |
| 科图分类: | ||
| 主题词: | 试验设计 (数学)--shi yan she ji(shu xue)--高等学校--教材 | |
| 电子资源: | ||
| ISBN: | 7-03-017627-8 | |
| 000 | 00792nam0 2200229 450 | |
| 001 | 012006388791 | |
| 005 | 20061206102708.01 | |
| 010 | @a7-03-017627-8@dCNY25.00 | |
| 100 | @a20061101d2006 km y0chiy0120 ea | |
| 101 | 0 | @achi |
| 102 | @aCN@b110000 | |
| 105 | @ay z 000yy | |
| 200 | 1 | @a试验设计方法@Ashi yan she ji fang fa@f赵选民编@Fzhao xuan min bian |
| 210 | @a北京@c科学出版社@d2006.08 | |
| 215 | @a269页@d24cm | |
| 300 | @a21世纪高等院校教材 | |
| 330 | @a本书全面介绍了试验设计的原理、方法及应用,内容包括试验设计简介、方差分析、回归分析、正交设计、参数设计、均匀设计和响应曲面分析法。 | |
| 606 | 0 | @a试验设计 (数学)@Ashi yan she ji(shu xue)@x高等学校@j教材 |
| 690 | @aO212.6@v4 | |
| 701 | 0 | @a赵选民@Azhao xuan min@4编 |
| 801 | 0 | @aCN@c20061206 |
| 905 | @a10447@dO212.6@eZ334 | |
| 试验设计方法/赵选民编.-北京:科学出版社,2006.08 |
| 269页;24cm |
| 21世纪高等院校教材 |
| ISBN 7-03-017627-8:CNY25.00 |
| 本书全面介绍了试验设计的原理、方法及应用,内容包括试验设计简介、方差分析、回归分析、正交设计、参数设计、均匀设计和响应曲面分析法。 |
| ● |
| 相关链接 |
|
|
|
正题名:试验设计方法
索取号:O212.6/Z334
 
预约/预借
| 序号 | 登录号 | 条形码 | 馆藏地/架位号 | 状态 | 备注 |
| 1 | 225549 | 202255497 | 数理学院资料室/ [索取号:O212.6/Z334] | 在馆 | |
| 2 | 225550 | 202255503 | 自科库401/ [索取号:O212.6/Z334] |
已借出,限还日期为2012.12.03 借出人:杨欢 |
|
| 3 | 225551 | 202255512 | 自科库401/401自科库 78排1列2层/ [索取号:O212.6/Z334] | 在馆 |